000
00247nam a2200121Ia 4500
003
LDD
040
_c
LDD
041
_a
en
245
0
_a
IASSI quarterly : to be entered
260
_c
1 Jan-30 Jun,2006
362
_a
24-24
_b
03-Apr
942
_2
ddc
_c
J
999
_c
179395
_d
179395